000 00482nam a2200193Ia 4500
005 20250423095755.0
008 250422s9999 xx 000 0 und d
020 _a0072890363
050 _aJZ 1305 .R68/
100 _aRourke, John T.
245 0 _aInternational politics on the world stages
250 _a10th ed.
260 _aBoston
260 _bMcGraw-Hill
260 _c2005
300 _a552 p
650 _aInternational relations. World politics.
942 _cBK
999 _c31293
_d31293